000 00556nam a2200169Ia 4500
008 240729s9999 xx 000 0 und d
022 _a2286-3702
245 0 _aDiscobolul: Physical Education, Sports and Kinetotherapy Journal
260 _aRomania
260 _bUniversitatea Naţională de Educaţie Fizică şi Sport (UNEFS)
650 _a Recreation. Leisure
650 _a Sports
650 _aGeography. Anthropology. Recreation
856 _uhttps://doaj.org/toc/f6ab38e1779a4f3caec9cf9d4a204b31
942 _2ddc
942 _cDOAJEJ
999 _c71276
_d71276
945 _a1
_bMadushi Gamage
_c1
_dMadushi Gamage